The street railway post offices of Pittsburgh (Record no. 2493)

000 -LEADER
fixed length control field 00395nam a22000977a 4500
008 - FIXED-LENGTH DATA ELEMENTS--GENERAL INFORMATION
fixed length control field 171002b xxu||||| |||| 00| 0 eng d
100 ## - MAIN ENTRY--AUTHOR'S NAME
Author's Name Booth, Lloyd
245 ## - TITLE STATEMENT
Title The street railway post offices of Pittsburgh
260 ## - PUBLICATION, DISTRIBUTION, ETC. (IMPRINT)
Place of publication, distribution, etc. [Omaha]
Name of publisher, distributor, etc. Mobile Post Office Society
Date of publication, distribution, etc. 1983
650 ## - TOPICAL TERM (Tag)
Topical term or geographic name United States -- Pennsylvania -- Pittsburgh | Street Car Mail Transportation of Mail | Mobile Post Offices | Postal History
Holdings
Withdrawn status Lost status Source of classification or shelving scheme Damaged status Koha normalized classification for sorting Not for loan Permanent Location Current Location Shelving location Date acquired Total Checkouts Full call number Barcode Date last seen Copy number Price effective from
        G3824 P58 B725   Northern Philatelic Library Northern Philatelic Library General Stacks 10/02/2017   G3824 P58 B725 1002991 10/02/2017 1 10/02/2017
        G3824 P58 B725   Northern Philatelic Library Northern Philatelic Library General Stacks 10/02/2017   G3824 P58 B725 1002992 10/02/2017 2 10/02/2017

Powered by Koha